Govt. of
Madhya Pradesh

Business Beyond The box (Record no. 33071)

MARC details
000 -LEADER
fixed length control field 005040000a22001810004500
003 - CONTROL NUMBER IDENTIFIER
control field MACL
005 - DATE AND TIME OF LATEST TRANSACTION
control field 20160124112859.0
008 - FIXED-LENGTH DATA ELEMENTS--GENERAL INFORMATION
fixed length control field 160124b xxu||||| |||| 00| 0 eng d
040 ## - CATALOGING SOURCE
Original cataloging agency MACL
Transcribing agency MACL
041 ## - LANGUAGE CODE
Language code of text/sound track or separate title English
082 ## - DEWEY DECIMAL CLASSIFICATION NUMBER
Classification number 658.406/KEE
100 ## - MAIN ENTRY--PERSONAL NAME
Personal name O'Keeffe, John
9 (RLIN) 34392
245 ## - TITLE STATEMENT
Title Business Beyond The box
Remainder of title Applying your mind for breakthrough results
260 ## - PUBLICATION, DISTRIBUTION, ETC. (IMPRINT)
Name of publisher, distributor, etc. Nicholas Brealey Publishing
Date of publication, distribution, etc. 1999
350 ## - PRICE (NR) (BK AM CF MU VM SE) [OBSOLETE]
Price 799
650 ## - SUBJECT ADDED ENTRY--TOPICAL TERM
Topical term or geographic name as entry element General Managment
9 (RLIN) 21540
942 ## - ADDED ENTRY ELEMENTS (KOHA)
Koha item type Books
Call number prefix 658.406/KEE
Source of classification or shelving scheme
Holdings
Withdrawn status Lost status Source of classification or shelving scheme Damaged status Not for loan Home library Current library Date acquired Cost, normal purchase price Total Checkouts Full call number Barcode Date last seen Uniform Resource Identifier Price effective from Koha item type
          MACL MACL 15/04/2015 799.00   658.406/KEE CLC003236 29/04/2015 33128 15/04/2015 Books